00302nam a22001097a 4500999001700000020001800017100002800035245007400063260003300137300001000170942001200180 c38914d38914 a9788119139125 aCoomaraswamy, Ananda K. aThe Dance of Siva fourteen Indian EssayscBy Ananda K. C oomaraswamy  aNew Delhi:bManohar, c2023. a196p. 2ddccBK